00842nam a2200241 a 450000100060000000300080000600500170001400800410003103500190007204000420009104100080013308200240014110000350016524501020020026000570030230000180035933600260037733700280040333800270043149000840045865000210054265000370056385908BD-RjUL20251102142157.0251102s1960 is 000 0 eng  a(BD-RjUL)85908 aDLCcFUdFrPICdUkdDLCdBD-RjULbeng aeng 223a340.9bKAG 19601 aKahn-Freund, Otto,d1900-1979.14aThe growth of internationalism in English private international law /clectures by O. Kahn-Freund aJerusalem :bMagnes Press, Hebrew University,c1960. a90 p.;c25cm. atextbtxt2rdacontent aunmediatedbn2rdamedia avolumebnc2rdacarrier0 aThe Hebrew University of Jerusalem. Lionel Cohen lectures, 6th ser., Jan. 1960 0aConflict of laws 0aConflict of lawszGreat Britain.